000 00354pab a2200133 454500
008 180718b xxu||||| |||| 00| 0 eng d
100 _aBoyle, Richard
245 _aManaging by contract in the public sector
650 _a Public Sector
650 _a Management by Contract
650 _aGovernment Enterprise
773 _aAdministration
909 _a24547
999 _c24547
_d24547